00367nam a2200145Ia 4500008004100000020001500041041001200056082001600068100001800084245004600102260003100148300000900179650001800188700001500206221030s9999 xx 000 0 und d a8120301935 aEnglish a105.23bMur aR. G. Murdick 0aInformation Systems For Modern Management bAnmol PubaNew Delhic2002 a2002 aMBA Computers aJ. E. Ross